European Imperialism Quiz - Statistics

General Stats
  • This quiz has been taken 650 times
    625 since last reset
  • The average score is 8 of 14
Answer Stats
Question Answer % Correct
Name one country with a sphere of influence in China Britain, France, Russia, Germany, or Japan
95%
"The sun never set" on which empire? British Empire
94%
Which empire controlled Congo Free State? Belgium
88%
Which Chinese city was handed over to the British in 1841? Hong Kong
81%
Which war did Britain fight with China over trading rights in 1839? Opium War
74%
Which country controlled the African territories of Togoland and Kamerun? Germany
73%
When India gained independence, which primarily Muslim countries broke apart in order to have religious freedom? East and West Pakistan
72%
What was the Netherlands' only Asian teritory? Dutch East Indies
69%
Which war was fought between the British and the Dutch Afrikaners in South Africa in 1899? Boer War
67%
Before ^ what was the only Chinese city Europeans were allowed to trade in? Guangzhou
34%
Which British imperialist wanted to conquer all of Africa "from Cairo to Cape Town?" Cecil Rhodes
31%
What was the famous poem by Rudyard Kipling about imperialism in Africa? The White Man's Burden
28%
Which Indian rebellion happened over pork and cow fat being put on bullets? Sepoy Rebellion
21%
In which Sudanese city did the British and French meet and almost go to war over? Fashoda
9%
No matching quizzes found
Score Distribution
Percent of People with Each Score
Percentile by Number Answered
Your Score History
You have not taken this quiz since the last reset